[Event "69th GRE-ch 2019"]
[Site "Thessaloniki"]
[Date "2019.11.28"]
[Round "9.5"]
[White "Megalios, Konstantinos"]
[Black "Kanakaris, Georgios"]
[Result "1-0"]
[WhiteElo "2386"]
[BlackElo "2395"]
[Annotator "TA"]
[PlyCount "71"]
[EventDate "2019.11.20"]
[EventType "tourn"]
[EventCountry "GRE"]
[SourceTitle "playchess.com"]
[Source "ChessBase"]
[SourceQuality "1"]

{[%evp 16,71,25,27,21,16,21,21,27,27,36,0,0,0,0,4,0,-11,0,0,170,168,193,219,235,235,273,231,216,204,212,210,214,209,223,221,287,279,450,519,511,556,537,528,548,557,548,524,522,522,545,556,550,550,722,718,793,785]} 1. d4 ({Predecessor:} 1. Nf3 Nf6 2. c4 g6 3. Nc3 Bg7 4. e4 d6 5. d4 O-O {1-0 (28) Shchekachev,A (2522)-Muller,E (2166) Metz 2019}) 1... Nf6 2. c4 g6 3. Nc3 Bg7 4. e4 d6 5. Be2 $146 (5. Nf3 O-O {1-0 (82) Yuffa,D (2577)-McShane,L (2682) Khanty-Mansiysk 2019}) 5... O-O 6. Nf3 e5 7. d5 a5 8. Bg5 h6 9. Be3 Ng4 {E92: King's Indian: Classical: 6 Be2 e5: 7 dxe5, 7 Be3 and Petrosian System without 7...Nbd7} 10. Bd2 f5 11. h3 Nf6 {The position is equal.} 12. exf5 gxf5 13. Qc1 f4 14. g3 e4 $1 {[%cal Re4f3]} 15. Nh4 $36 {[%mdl 2048] [#] White has good play.} e3 $1 {[%cal Re3d2][%mdl 512]} 16. fxe3 fxg3 {Threatens to win with ...Ne4!} 17. Ng6 Bf5 $2 (17... Re8 $11) 18. Nxf8 $18 Qxf8 {[#]} 19. O-O $1 Bxh3 20. Rf3 Bg4 21. Rxg3 Bxe2 22. Nxe2 {[%cal Bc3e2,Be2f4,Bf4e6][%mdl 32]} Ne4 23. Rg2 {aiming for Nf4.} Nd7 24. Bc3 Ng5 25. Nf4 {Ne6 is the strong threat.} Bxc3 26. Qxc3 Ne5 $2 (26... Nc5 27. Rf1 Qg7 28. Qxg7+ Kxg7) 27. Rf1 {White is clearly winning.} Qf7 28. Ne6 {[%mdl 64] Discovered Attack} Qg6 29. e4 Re8 30. Rf5 {[%cal Re6g5]} Rxe6 31. dxe6 Qxe6 32. Qxa5 Qxc4 33. Qd5+ Qxd5 34. exd5 Nd3 35. Rc2 Nc5 36. b4 {Accuracy: White = 82%, Black = 57%.} 1-0